| 000 | 00000nam##2200000za#4500 |
| 001 | 9.678773 |
| 003 | CaOODSP |
| 005 | 20200328190944 |
| 007 | ta |
| 008 | 150407|1991||||xxc||||| f|0| 0 fre|d |
| 020 | |a0-662-96894-8 |
| 040 | |aCaOODSP|bfre |
| 043 | |an-cn--- |
| 086 | 1 |aH68-30/1991F |
| 110 | 1 |aCanada.|bSanté et Bien-être social Canada. |bConseil national du bien-être social. |
| 245 | 10|aLes dangers qui guettent le financement de la santé et de l'enseignement supérieur : |brapport du Conseil national du bien-être social |
| 260 | |aOttawa - Ontario : |bSanté et Bien-être social Canada. |c1991. |
| 300 | |a41p. : |bgraphiques, références ; |c28 cm. |
| 563 | |aCouverture souple |
| 775 | 08|tFunding health and higher education: danger looming : |w(CaOODSP)9.644987 |
| 776 | 0#|tLes dangers qui guettent le financement de la santé et de l'enseignement supérieur |w(CaOODSP)9.640662 |